Which current NFL announcer made this call? - Statistics

General Stats
  • This quiz has been taken 21 times
    18 since last reset
  • The average score is 14 of 28
Answer Stats
Question Answer % Correct
Keenum steps into it. Pass is CAUGHT! DIGGS! SIDELINE! TOUCHDOWN!  UNBELIEVABLE! VIKINGS WIN IT! Joe Buck
93%
Play clock at five… pass is INTERCEPTED AT THE GOAL LINE by Malcolm Butler! Unreal! Al Michaels
67%
Brown splits the special teamers and now Brown is off to the races! He hurdles... kicks a man! Ian Eagle
60%
Toss to White. He’s… IN! Patriots win the Super Bowl! Brady has his fifth! What a comeback! Joe Buck
60%
Now the Eagles get it back. They're gonna run some clock... or maybe... THROW THE DAGGER. Hurts! Going deep... for it all... DEVONTA SMITH! He's got it! Touchdown! Kevin Burkhardt
60%
OHHHHHHHHHH! BLOCKED! THE CHIEFS HAVE WON! THE CHIEFS HAVE WON! Kevin Harlan
60%
Tyler Loop from 44! Snap good, hold good… THE KICK IS NO GOOD! IT IS WIDE RIGHT! AND THE STEELERS ARE THE CHAMPIONS OF THE NORTH! Mike Tirico
60%
It's picked off at the goal line! There's a flag thrown on the run back! James Harrison to run it back and Harrison is past midfield! Harrison going down the sideline! He’s going to go all the way! Al Michaels
53%
He turned 32 yesterday… does he have a vintage moment in him? In the end zone… IT IS CAUGHT! FOR THE WIN!!! Richard Rodgers with a walk‑off touchdown! A game‑ender for the Packers! Jim Nantz
53%
Wide. Right. The two most dreaded words in Buffalo have surfaced again! Jim Nantz
53%
Hurts on a quarterback draw... THE BALL’S LOOSE… SITTIN’ ON THE TURF… IT’S PICKED UP BY BOLTON… NO ONE IN FRONT OF HIM… HE’S GONNA SCORE! Kevin Burkhardt
53%
Jackson takes it himself. Look at him dart back and forth... OHHHHHHH! HE BROKE HIS ANKLES! Now he's got an entourage and he's got a TOUCHDOWN! He is Houdini! What a play! 47-yard touchdown run by the magical quarterback Lamar Jackson! WOW! Kevin Harlan
53%
I'M CALLING BOTH GAMES! Kevin Harlan
53%
No good… wide right. Giants win Super Bowl XXV. Al Michaels
47%
Seven seconds left. Tannehill will throw it… and this will end it after the shovel. Or will it? Miami running around. Circling. Oh look out! Gronkowski! Didn’t have the angle! Touchdown! Oh ho Kenyan Drake! A miracle! Miraculous in Miami! Ian Eagle
47%
Dalton looks left... throws to the middle... caught by Tyler Boyd! Tyler Boyd, TOUCHDOWN! REMARKABLE! The Cincinnati Bengals have stunned this crowd! Ian Eagle
47%
Mitchell! Mitchell! Mitchell! …Down to the 25. Joe Buck
47%
It is… CAUGHT! Seattle’s going to the Super Bowl! Jermaine Kearse! Joe Buck
47%
4th and 18... he's given time... wants Jefferson... climbs the ladder! OH MY GOODNESS! Justin Jefferson... pulled it in... THE CATCH OF HIS LIFE! Keeps the Vikings' hopes alive! Joe Davis
47%
Williams, looking down field! Launching down field! GOING FOR IT ALL! ... It is... CAUGHT! Touchdown! Bears win it! Kevin Burkhardt
47%
WILL HILL IS GONNA WIN THE GAME ON A BLOCKED FIELD GOAL!!! UNBELIEVABLE! Mike Tirico
47%
The Washington Commanders — off the upright, and it is in! They doink their way to the divisional round! Unbelievable! Mike Tirico
47%
Here comes the Hail Mary with the game on the line… AND THE BALL IS CAUGHT! CAUGHT! IT’S A MIRACLE! IT’S NOAH BROWN! OH MY GOODNESS! THIS TOWN IS GOING CRAZY! Jim Nantz
40%
Got him at the 40! It's Thomas at the 50! Stiff arm! Got him free to the 30... to the 20... Thomas to the 10... Denver's going on to New England! They win it on the first play of overtime! Jim Nantz
40%
From the thirty-three. OH MY GOODNESS. Look out here. Christian Benford! Gift wrapped! The other way! Touchdown. WHAT JUST HAPPENED?! Joe Davis
40%
Oh, he threw him away like a rag doll! And he throws in the end zone... Caught! Caught for a touchdown! Caught for a touchdown by Likely! Absolutely amazing. How in the world did he keep it together and then find the open receiver?! Kevin Harlan
33%
Half a minute, no timeouts... Daniels throws down the sideline. For Terry McLaurin! McLaurin is loose! Lightning! Strikes! Twice! In Washington! Joe Davis
27%
He tries to sneak it... the ball is loose! Impossible! Do the Vikings have it? Scramble for the ball... IT IS A TOUCHDOWN! On their last breath. Joe Davis
27%
No matching quizzes found
Score Distribution
Percent of People with Each Score
Percentile by Number Answered
Your Score History
You have not taken this quiz since the last reset